|
|
|
แสดงรายละเอียดบรรณานุกรม |
|
|
Brief Record
: Get Marc (ISO 2709)
: E-mail record
: |
|
|
| LEADER 00000nam 2200000uu 4500 | |||
| 001 49442 | |||
| 003 ULIBM | |||
| 008 161010s||||||||th 000 0 tha d | |||
| 020 ^a 9786160424245 | |||
| 082 0 ^a น ^bด-บ | |||
| 100 0 ^a ดร.ป๊อบ | |||
| 245 00 ^a บันทึกพลิกโลก =^b Fate Diary/^cดร.ป๊อบ | |||
| 250 ^a พิมพ์ครั้งที่ 2 | |||
| 260 ^a กรุงเทพฯ:^b นามมีบุ๊คพับลิชชิ่ง,^c 2558 | |||
| 300 ^a 435 หน้า 275 บาท | |||
| 999 ^aRungradtana Banrungjit | |||
| คุณยังไม่ได้ล็อกอิน คุณสามารถมีกิจกรรมร่วมกับเว็บไซต์ได้ แต่ต้องล็อกอินก่อน :: |
|
| สถานะ | |||||||||
| 1. | หนังสือ | น ด-บ c.1 Barcode: 081374 | ►นวนิยาย | On Shelf ขอยืม | |||||
| [แสดง 1/1 รายการ] | |||||||||

| รายการใกล้เคียง ผู้แต่ง [ดร.ป๊อบ]
|
BibComment |
| คอมเมนท์ทรัพยากรรายการนี้ |
|
|
ห้องสมุดโรงเรียนสามัคคีวิทยาคม
159 ถ.บรรพปราการ ต.เวียง อ.เมือง จ.เชียงราย 57000
โทร. 053-711018 โทรสาร 053-713003